| 000 | 01753nam0a22003731 4500 | ||
|---|---|---|---|
| 001 | rc\4995634 | ||
| 005 | 20250613064109.0 | ||
| 021 |
_aRU _b[59-75910] |
||
| 035 | _a(NLR Aleph) 008990128 | ||
| 090 |
_a9241157 _c9241157 |
||
| 100 | _a20130430d1959 |||y0rusy50 ca | ||
| 101 | 0 | _arus | |
| 102 | _aRU | ||
| 105 | _aa g ||||| | ||
| 200 | 1 | _aСправочник сельского механизатора | |
| 205 | _a2-е изд., доп. и перераб. | ||
| 210 |
_aМосква _cСельхозгиз _d1959 |
||
| 215 |
_a863 с. _cил. _d22 |
||
| 300 | _aНа обороте тит. л. авт.: инж. Алисанов Б.И., канд. техн. наук Артемьев Ю.Н., инж. Архангельский Б.Е. и др. | ||
| 300 | _a1-е изд.: Дубровский В.А. и Кобылянов Л.М. Справочник бригадира тракторной бригады | ||
| 300 | _aВ вып. дан. сост.-ред.: В.А. Дубровский и Л.М. Кобылянов | ||
| 606 |
_aТракторы _jСправочники _2psbo |
||
| 606 |
_aСельскохозяйственные машины и орудия _jСправочники _2psbo |
||
| 701 | 1 |
_aАлисанов _bБ.И. _gБорис Иванович |
|
| 701 | 1 |
_aАртемьев _bЮ.Н. |
|
| 701 | 1 |
_7ca _8rus _aАрхангельский _bБ. Е. _cинженер-конструктор, тракторы _f1906-1980 _gБорис Евграфович _9220535 _3RU\NLR\AUTH\770220591 |
|
| 702 | 1 |
_aДубровский _bВ.А. _4220 _4340 |
|
| 702 | 1 |
_aКобыляков _bЛ.М. _4220 _4340 |
|
| 801 | 0 |
_aRU _bNLR _gpsbo |
|
| 801 | 1 |
_aRU _bELAR _2rusmarc |
|
| 852 |
_aNLR _j59-5/5385 |
||
| 942 | _cBOOK | ||
| 980 | _aNB | ||